[Event "FRA-chT1 1011"]
[Site "France"]
[Date "2010.11.14"]
[Round "3.2"]
[White "Navarrete Delgado, Sergio"]
[Black "Zschiedrich, Heiko"]
[Result "1-0"]
[WhiteElo "2222"]
[BlackElo "2144"]
[PlyCount "121"]
[EventDate "2010.10.17"]
[EventType "team-tourn"]
[EventRounds "11"]
[EventCountry "FRA"]
[SourceTitle "EXT 2012"]
[Source "ChessBase"]
[SourceDate "2011.11.24"]
[SourceVersion "1"]
[SourceVersionDate "2011.11.24"]
[SourceQuality "1"]

1. e4 e6 2. d4 d5 3. exd5 exd5 4. Bd3 Nf6 5. Bg5 Be7 6. h3 Ne4 7. Bxe7 Qxe7 8. Ne2 Qg5 9. Bxe4 dxe4 10. Nbc3 0-0 11. Nxe4 Qxg2 12. N4g3 Nc6 13. Qd2 Re8 14. 0-0-0 Qxf2 15. d5 Ne5 16. Rdf1 Qc5 17. Kb1 Nc4 18. Qf4 Qxd5 19. Rd1 Qb5 20. b3 Nd6 21. Rhg1 Qe5 22. Qh4 Nf5 23. Qg5 f6 24. Qd2 Nxg3 25. Nxg3 Bxh3 26. Qd3 Rad8 27. Qc4+ Be6 28. Qh4 Rxd1+ 29. Rxd1 Qg5 30. Qh2 Bg4 31. Rg1 h5 32. Nh1 Qe5 33. Qg2 c6 34. Nf2 f5 35. Nd3 Qd6 36. Qf2 b6 37. Re1 Re4 38. Rf1 Re2 39. Qh4 Qh2 40. Qd8+ Kh7 41. Rc1 Rg2 42. Qg5 Rg1 43. Qe3 Rxc1+ 44. Kxc1 Qd6 45. Kb1 h4 46. Ne5 h3 47. Qg3 g5 48. Kb2 Qd4+ 49. c3 Qf4 50. Qe1 Bh5 51. Nd3 Qd6 52. Qf1 Qh2+ 53. Ka3 f4 54. Ne5 Qg2 55. Qd3+ Kg8 56. Qd8+ Kg7 57. Qe7+ Kg8 58. Nd7 Bf7 59. Qf8+ Kh7 60. Qxf7+ Kh6 61. Ne5 1-0

[Event "Oberliga Ost-B 0607"]
[Site "Germany"]
[Date "2007.04.22"]
[Round "11.8"]
[White "Zschiedrich, Heiko"]
[Black "Mueller, Horst1111"]
[Result "1/2-1/2"]
[WhiteElo "2155"]
[BlackElo "2206"]
[PlyCount "69"]
[EventDate "2006.10.15"]
[EventType "team-tourn"]
[EventRounds "11"]
[EventCountry "GER"]
[SourceTitle "EXT 2008"]
[Source "ChessBase"]
[SourceDate "2007.11.25"]
[SourceVersion "1"]
[SourceVersionDate "2007.11.25"]
[SourceQuality "1"]
[WhiteTeam "Erfurt Empor"]
[BlackTeam "Offenbach"]
[WhiteTeamCountry "GER"]
[BlackTeamCountry "GER"]

1. e4 c5 2. c3 d5 3. exd5 Qxd5 4. d4 e6 5. Nf3 Nf6 6. Be2 Nc6 7. Na3 cxd4 8. Nb5 Qd8 9. Nbxd4 Nxd4 10. Nxd4 Be7 11. 0-0 0-0 12. Qb3 Nd7 13. Rd1 Qb6 14. Qc2 a6 15. Be3 Qc7 16. Bd3 Nf6 17. Bg5 h6 18. Bh4 Rd8 19. Qe2 Bd7 20. Re1 Re8 21. Rad1 Rad8 22. Bc2 Bc8 23. h3 Qa5 24. Bb3 Qc5 25. Bc2 Qa5 26. Nb3 Qb6 27. Rxd8 Rxd8 28. Nd4 Re8 29. Bb3 Qc7 30. Nf3 Rd8 31. Ne5 Qd6 32. Rd1 Qc7 33. Re1 Qd6 34. Nc4 Qc5 35. Ne5 1/2-1/2

[Event "Oberliga Ost-B 0405"]
[Site "Germany"]
[Date "2004.12.12"]
[Round "5.2"]
[White "Zschiedrich, Heiko"]
[Black "Wohlfart, Paulus"]
[Result "1-0"]
[WhiteElo "2213"]
[BlackElo "2268"]
[PlyCount "97"]
[EventDate "2004.10.10"]
[EventType "team-tourn"]
[EventRounds "11"]
[EventCountry "GER"]
[SourceTitle "EXT 2006"]
[Source "ChessBase"]
[SourceDate "2005.11.24"]
[SourceVersion "1"]
[SourceVersionDate "2005.11.24"]
[SourceQuality "1"]
[WhiteTeam "Erfurt Empor"]
[BlackTeam "Moerlenbach"]
[WhiteTeamCountry "GER"]
[BlackTeamCountry "GER"]

1. e4 c5 2. c3 d6 3. d4 Nf6 4. Bd3 cxd4 5. cxd4 g6 6. h3 Bg7 7. Nf3 0-0 8. Nc3 Nc6 9. 0-0 e5 10. dxe5 dxe5 11. Be3 Re8 12. Bc4 Be6 13. Bxe6 Rxe6 14. Qa4 Qa5 15. Qxa5 Nxa5 16. Nd2 Rd6 17. Rfd1 Rad8 18. f3 a6 19. Nf1 Nc4 20. Rxd6 Rxd6 21. Bc1 Bf8 22. Ne3 Nb6 23. Kf2 Rd7 24. Ke2 Bc5 25. g4 h6 26. b3 Bd4 27. Bb2 Rc7 28. Rc1 Nbd7 29. Ncd5 Rxc1 30. Bxc1 Kg7 31. Kd3 h5 32. Nxf6 Nxf6 33. Nc2 Bc5 34. Kc4 Bg1 35. a4 hxg4 36. hxg4 Kf8 37. Bb2 Bh2 38. Kc5 Nh7 39. Bc1 Ke7 40. Kb6 Bf4 41. Bxf4 exf4 42. Kxb7 Ng5 43. Ne1 a5 44. Kb6 Kd6 45. Kxa5 Kc5 46. b4+ Kc4 47. b5 Ne6 48. b6 Nc5 49. g5 1-0

[Event "Oberliga Ost-B 0405"]
[Site "Germany"]
[Date "2004.11.14"]
[Round "3.2"]
[White "Fuhrmann, Daniel"]
[Black "Zschiedrich, Heiko"]
[Result "1-0"]
[WhiteElo "2286"]
[BlackElo "2213"]
[PlyCount "105"]
[EventDate "2004.10.10"]
[EventType "team-tourn"]
[EventRounds "11"]
[EventCountry "GER"]
[SourceTitle "EXT 2006"]
[Source "ChessBase"]
[SourceDate "2005.11.24"]
[SourceVersion "1"]
[SourceVersionDate "2005.11.24"]
[SourceQuality "1"]
[WhiteTeam "Erfurt SK II"]
[BlackTeam "Erfurt Empor"]
[WhiteTeamCountry "GER"]
[BlackTeamCountry "GER"]

1. d4 Nf6 2. c4 g6 3. Nc3 Bg7 4. e4 d6 5. f3 0-0 6. Be3 e5 7. Nge2 c6 8. Qd2 Nbd7 9. d5 cxd5 10. cxd5 a6 11. g4 b5 12. Ng3 Nb6 13. b3 Bd7 14. Be2 Rc8 15. 0-0 Qc7 16. Rfc1 Qb7 17. Rab1 Rc7 18. a4 b4 19. Nd1 Rxc1 20. Rxc1 a5 21. Qd3 Ra8 22. Nb2 Be8 23. Nc4 Nc8 24. Qc2 Bd7 25. g5 Ne8 26. Qd3 Bf8 27. f4 exf4 28. Bxf4 Nb6 29. Nf1 Nxc4 30. Rxc4 Bg7 31. Ne3 Bf8 32. Rc1 Be7 33. Nc4 Bf8 34. Rf1 Bc8 35. Qf3 Qc7 36. Be3 Ba6 37. Nb6 Ra7 38. Bxa6 Rxa6 39. Nc4 Bg7 40. Kh1 f6 41. Qg4 Ra8 42. Qe6+ Qf7 43. Qxf7+ Kxf7 44. Bb6 Ke7 45. h4 fxg5 46. hxg5 Rb8 47. Kg2 h6 48. gxh6 Bxh6 49. e5 Rxb6 50. Nxb6 dxe5 51. Nc4 Nd6 52. Nxe5 Ne4 53. Re1 1-0

[Event "Leipzig VfB op 10th"]
[Site "Leipzig"]
[Date "2003.03.13"]
[Round "5"]
[White "Zschiedrich, Heiko"]
[Black "Liedmann, Hans Joerg"]
[Result "1-0"]
[WhiteElo "2160"]
[BlackElo "1727"]
[PlyCount "71"]
[EventDate "2003.03.11"]
[EventType "swiss"]
[EventRounds "9"]
[EventCountry "GER"]
[SourceTitle "EXT 2008"]
[Source "ChessBase"]
[SourceDate "2007.11.25"]
[SourceVersion "1"]
[SourceVersionDate "2007.11.25"]
[SourceQuality "1"]

1. e4 e6 2. d4 d5 3. Nd2 c5 4. exd5 exd5 5. Ngf3 Nc6 6. Bb5 Nf6 7. 0-0 Be7 8. dxc5 0-0 9. Nb3 Bg4 10. Be3 Qc7 11. h3 Bh5 12. Be2 Rfe8 13. Qd2 Rad8 14. Rad1 Ne4 15. Qc1 Bxc5 16. Nxc5 Nxc5 17. Rfe1 Ne6 18. c3 Qa5 19. a3 Qa4 20. Nd4 Bxe2 21. Nxe2 Qh4 22. Rd3 Ne5 23. Rdd1 b6 24. Nd4 Qh5 25. f3 Nxd4 26. Bxd4 f6 27. Bf2 Qg6 28. Kh2 Qf5 29. Rd4 g5 30. Red1 h5 31. Qd2 Nxf3+ 32. gxf3 Qxf3 33. Rxd5 Re2 34. Rxd8+ Kg7 35. Qd7+ Kg6 36. Rg8+ 1-0

[Event "Leipzig VfB op 10th"]
[Site "Leipzig"]
[Date "2003.03.12"]
[Round "3"]
[White "Zschiedrich, Heiko"]
[Black "Voigt, Roland"]
[Result "0-1"]
[WhiteElo "2160"]
[BlackElo "2354"]
[PlyCount "108"]
[EventDate "2003.03.11"]
[EventType "swiss"]
[EventRounds "9"]
[EventCountry "GER"]
[SourceTitle "EXT 2008"]
[Source "ChessBase"]
[SourceDate "2007.11.25"]
[SourceVersion "1"]
[SourceVersionDate "2007.11.25"]
[SourceQuality "1"]

1. e4 c5 2. c3 d5 3. exd5 Qxd5 4. d4 Nf6 5. Nf3 Bg4 6. Be2 e6 7. h3 Bh5 8. Na3 Nc6 9. 0-0 cxd4 10. Nb5 Rc8 11. Nbxd4 Nxd4 12. Nxd4 Bxe2 13. Qxe2 Be7 14. Rd1 a6 15. Nf3 Qa5 16. c4 0-0 17. b3 Rfd8 18. Rxd8+ Rxd8 19. Qc2 h6 20. Bd2 Qc7 21. a4 e5 22. Be3 e4 23. Nd4 Qe5 24. Rd1 Bd6 25. g3 Bc5 26. Ne2 Rxd1+ 27. Qxd1 Bxe3 28. fxe3 Qh5 29. Qf1 Nd7 30. Nd4 g6 31. Kg2 Qa5 32. Qf4 Qd2+ 33. Qf2 Qd3 34. Qe2 Qc3 35. Qg4 Qd2+ 36. Kf1 Nf6 37. Qe2 Qc3 38. Qe1 Qb2 39. Qf2 Qc1+ 40. Qe1 Qa3 41. Kg2 Nd7 42. Qa5 Qb2+ 43. Kf1 Qh2 44. Qd8+ Nf8 45. Qh4 Qh1+ 46. Ke2 Kg7 47. Kd2 Qb1 48. Qf4 Qd3+ 49. Ke1 Nd7 50. Qf2 Qb1+ 51. Kd2 Nc5 52. Qf4 Qb2+ 53. Kd1 Nd3 54. Qf1 a5 0-1

[Event "Oberliga Ost-B 0203"]
[Site "Germany"]
[Date "2002.10.20"]
[Round "1.5"]
[White "Zschiedrich, Heiko"]
[Black "Dubinski, Leonid"]
[Result "1/2-1/2"]
[WhiteElo "2148"]
[BlackElo "2168"]
[PlyCount "81"]
[EventDate "2002.10.20"]
[EventType "team"]
[EventRounds "11"]
[EventCountry "GER"]
[SourceTitle "EXT 2004"]
[Source "ChessBase"]
[SourceDate "2003.11.25"]
[SourceVersion "1"]
[SourceVersionDate "2003.11.25"]
[SourceQuality "1"]
[WhiteTeam "Erfurt Empor"]
[BlackTeam "Kassel Hermania"]
[WhiteTeamCountry "GER"]
[BlackTeamCountry "GER"]

1. e4 c5 2. c3 e6 3. d4 d5 4. exd5 exd5 5. dxc5 Bxc5 6. Bb5+ Nc6 7. Qe2+ Qe7 8. Nf3 Qxe2+ 9. Bxe2 Nf6 10. Nbd2 0-0 11. Nb3 Bb6 12. 0-0 Re8 13. Re1 h6 14. Bf4 g5 15. Bg3 Bg4 16. Kf1 Ne4 17. Nfd4 Nxd4 18. Nxd4 Bxe2+ 19. Rxe2 Bxd4 20. cxd4 Rac8 21. Rd1 f6 22. f3 Nxg3+ 23. hxg3 Rxe2 24. Kxe2 Kf7 25. Kd3 h5 26. Rh1 Kg6 27. Re1 Kf7 28. a4 a5 29. Rb1 Rc4 30. b3 Rb4 31. Kc3 b5 32. axb5 Rxb5 33. Ra1 Kg7 34. Kb2 Kf7 35. Kc3 Kg7 36. Re1 Kf7 37. Re2 Rb4 38. Ra2 Rb5 39. Ra4 Ke6 40. Ra1 Kf7 41. Re1 1/2-1/2

[Event "Oberliga Ost-A 0102"]
[Site "Germany"]
[Date "2002.03.17"]
[Round "9.4"]
[White "Zschiedrich, Heiko"]
[Black "Krug, Norbert"]
[Result "1-0"]
[WhiteElo "2148"]
[BlackElo "2255"]
[PlyCount "85"]
[EventDate "2001.10.07"]
[EventType "team"]
[EventRounds "11"]
[EventCountry "GER"]
[SourceTitle "EXT 2003"]
[Source "ChessBase"]
[SourceDate "2002.11.25"]
[SourceVersion "1"]
[SourceVersionDate "2002.11.25"]
[SourceQuality "1"]
[WhiteTeam "Erfurt Empor"]
[BlackTeam "Erfurt II"]
[WhiteTeamCountry "GER"]
[BlackTeamCountry "GER"]

1. e4 c5 2. Nf3 Nc6 3. c3 Nf6 4. e5 Nd5 5. d4 cxd4 6. Bc4 Nb6 7. Bb3 d5 8. exd6 e6 9. cxd4 Bxd6 10. Nc3 0-0 11. 0-0 Nb4 12. Bg5 Be7 13. Bf4 N6d5 14. Bg3 b6 15. a3 Nxc3 16. bxc3 Nd5 17. c4 Nf6 18. d5 Ne4 19. Be5 Bf6 20. Bc2 Nc5 21. Qd4 exd5 22. cxd5 Bxe5 23. Nxe5 Qf6 24. Rad1 Bb7 25. Rfe1 Rad8 26. d6 Ne6 27. Qg4 Nf4 28. g3 Ne6 29. f4 Nc5 30. d7 g6 31. Rd4 Qg7 32. Red1 f6 33. Nc4 f5 34. Qe2 Rxd7 35. Rxd7 Nxd7 36. Qe6+ Qf7 37. Qxf7+ Rxf7 38. Nd6 Bf3 39. Re1 Rf8 40. Bb3+ Kh8 41. Re7 Nc5 42. Nf7+ Kg7 43. Ng5+ 1-0

[Event "Dresden ZMD op"]
[Site "Dresden"]
[Date "2002.??.??"]
[Round "7"]
[White "Bakhmatov, Eduard"]
[Black "Zschiedrich, Heiko"]
[Result "1-0"]
[WhiteElo "2280"]
[BlackElo "2145"]
[PlyCount "51"]
[EventDate "2002.07.18"]
[EventType "swiss"]
[EventRounds "9"]
[EventCountry "GER"]
[SourceTitle "EXT 2003"]
[Source "ChessBase"]
[SourceDate "2002.11.25"]
[SourceVersion "1"]
[SourceVersionDate "2002.11.25"]
[SourceQuality "1"]

1. e4 e6 2. Nf3 d5 3. Nc3 Nf6 4. e5 Nfd7 5. d4 c5 6. dxc5 Nc6 7. Bf4 Bxc5 8. Bd3 f6 9. exf6 Nxf6 10. Qe2 0-0 11. 0-0-0 a6 12. Ne5 Nxe5 13. Bxe5 b5 14. g4 Bd6 15. Bg3 b4 16. Na4 g6 17. f3 Bxg3 18. hxg3 Qc7 19. f4 Bd7 20. b3 e5 21. Qxe5 Qxe5 22. fxe5 Nxg4 23. Nb6 Ra7 24. Nxd7 Rxd7 25. Bc4 Ne3 26. Rd4 1-0

[Event "BL2-Ost 0001"]
[Site "Germany"]
[Date "2001.03.11"]
[Round "7.5"]
[White "Zschiedrich, Heiko"]
[Black "Boehnisch, Manfred"]
[Result "0-1"]
[WhiteElo "2190"]
[BlackElo "2339"]
[PlyCount "108"]
[EventDate "2000.10.15"]
[EventType "team-tourn"]
[EventRounds "9"]
[EventCountry "GER"]
[SourceTitle "CBM 082 Extra"]
[Source "ChessBase"]
[SourceDate "2001.07.03"]
[SourceVersion "1"]
[SourceVersionDate "2001.07.03"]
[SourceQuality "1"]
[WhiteTeam "Erfurt Empor"]
[BlackTeam "Leipzig Lok Mitte"]
[WhiteTeamCountry "GER"]
[BlackTeamCountry "GER"]

1. e4 c6 2. d4 d5 3. Nc3 dxe4 4. Nxe4 Bf5 5. Ng3 Bg6 6. h4 h6 7. Nf3 Nd7 8. h5 Bh7 9. Bd3 Bxd3 10. Qxd3 e6 11. Bd2 Ngf6 12. 0-0-0 Qc7 13. Ne4 0-0-0 14. g3 Nc5 15. Nxc5 Bxc5 16. c4 a6 17. Bc3 Bb6 18. Qe2 Ba5 19. b4 Bb6 20. Kb2 Qe7 21. Ne5 Bc7 22. f4 Nd7 23. Rhe1 Nb6 24. Kb3 Rhe8 25. a4 Kb8 26. Qf3 f6 27. Nd3 Qf7 28. Nb2 Re7 29. Re3 Rde8 30. Rde1 Nc8 31. g4 Nd6 32. a5 f5 33. g5 hxg5 34. fxg5 g6 35. hxg6 Qxg6 36. d5 cxd5 37. cxd5 Ne4 38. dxe6 Nxg5 39. Qg2 Rxe6 40. Nc4 Rxe3 41. Rxe3 Rxe3 42. Nxe3 f4 43. Nd5 f3 44. Qh1 Qg8 45. Qh8 Qxh8 46. Bxh8 f2 47. Ne3 Ne4 48. Nf1 Ng3 49. Bd4 Nxf1 50. Bxf2 Nd2+ 51. Ka4 Ne4 52. Bd4 Nd6 53. Kb3 Kc8 54. Ka4 Kd7 0-1

[Event "BL2-Ost 0001"]
[Site "Germany"]
[Date "2000.10.15"]
[Round "1.6"]
[White "Mueller, Matthias"]
[Black "Zschiedrich, Heiko"]
[Result "1-0"]
[WhiteElo "2368"]
[BlackElo "2190"]
[PlyCount "59"]
[EventDate "2000.10.15"]
[EventType "team-tourn"]
[EventRounds "9"]
[EventCountry "GER"]
[SourceTitle "CBM 082 Extra"]
[Source "ChessBase"]
[SourceDate "2001.07.03"]
[SourceVersion "1"]
[SourceVersionDate "2001.07.03"]
[SourceQuality "1"]
[WhiteTeam "Erfurt"]
[BlackTeam "Erfurt Empor"]
[WhiteTeamCountry "GER"]
[BlackTeamCountry "GER"]

1. e4 e6 2. d4 d5 3. Nc3 Nf6 4. e5 Nfd7 5. f4 c5 6. Nf3 Nc6 7. Be3 a6 8. Qd2 b5 9. a3 Qa5 10. Rb1 Rb8 11. Ne2 b4 12. axb4 Rxb4 13. c3 Rb8 14. f5 exf5 15. Nf4 c4 16. Be2 Nd8 17. 0-0 Ne6 18. Ra1 Qb5 19. b3 Nb6 20. Rfb1 Qc6 21. Qe1 Bb7 22. Nd2 Be7 23. bxc4 dxc4 24. Bf3 Qc7 25. d5 Nxf4 26. d6 Qc8 27. Rxb6 Bd8 28. Rxb7 Rxb7 29. Bxb7 Qxb7 30. Bxf4 1-0

[Event "Oberliga Ost-A 9900"]
[Site "Germany"]
[Date "2000.03.12"]
[Round "9.3"]
[White "Zschiedrich, Heiko"]
[Black "Liebert, Heinz"]
[Result "1/2-1/2"]
[WhiteElo "2170"]
[BlackElo "2342"]
[PlyCount "55"]
[EventDate "1999.10.??"]
[EventType "team"]
[EventRounds "11"]
[EventCountry "GER"]
[SourceTitle "EXT 2002"]
[Source "ChessBase"]
[SourceDate "2001.11.25"]
[SourceVersion "1"]
[SourceVersionDate "2001.11.25"]
[SourceQuality "1"]

1. e4 c5 2. c3 Nf6 3. e5 Nd5 4. d4 cxd4 5. Nf3 Nc6 6. Bc4 Nb6 7. Bb3 d5 8. exd6 Qxd6 9. cxd4 Be6 10. 0-0 Bxb3 11. Qxb3 e6 12. Nc3 Be7 13. Nb5 Qd8 14. Bf4 0-0 15. Bc7 Qd7 16. Bxb6 axb6 17. Ne5 Qd8 18. Rfd1 Bf6 19. Rac1 Bxe5 20. dxe5 Qg5 21. Nd6 Qxe5 22. Nc4 Qc7 23. Nxb6 Rad8 24. Na4 Rxd1+ 25. Rxd1 h6 26. h3 Rd8 27. Rxd8+ Nxd8 28. Qc3 1/2-1/2

[Event "Oberliga Ost-A 9900"]
[Site "Germany"]
[Date "2000.01.09"]
[Round "5.3"]
[White "Babrikowski, Peter"]
[Black "Zschiedrich, Heiko"]
[Result "1/2-1/2"]
[WhiteElo "2275"]
[BlackElo "2170"]
[PlyCount "80"]
[EventDate "1999.10.??"]
[EventType "team"]
[EventRounds "11"]
[EventCountry "GER"]
[SourceTitle "EXT 2002"]
[Source "ChessBase"]
[SourceDate "2001.11.25"]
[SourceVersion "1"]
[SourceVersionDate "2001.11.25"]
[SourceQuality "1"]

1. e4 e6 2. d4 d5 3. e5 c5 4. c3 Nc6 5. Nf3 Qb6 6. a3 Nh6 7. Bd3 cxd4 8. cxd4 Nf5 9. Bxf5 exf5 10. Nc3 Be6 11. 0-0 Be7 12. b4 a5 13. b5 Na7 14. Rb1 Nc8 15. Na4 Qd8 16. Nc5 b6 17. Nxe6 fxe6 18. Ng5 Bxg5 19. Qh5+ Kd7 20. Bxg5 Qe8 21. Qf3 h6 22. Bd2 Na7 23. Rfc1 Qe7 24. Bxa5 bxa5 25. b6 Rhc8 26. Rxc8 Rxc8 27. bxa7 Kd8 28. g4 Qxa7 29. gxf5 Qf7 30. Rb6 Qxf5 31. Qxf5 exf5 32. Rd6+ Ke7 33. Rxd5 Rc4 34. Rxa5 Rxd4 35. Ra6 Re4 36. e6 g5 37. Kg2 Rg4+ 38. Kf3 Re4 39. a4 Rh4 40. Kg3 Rg4+ 1/2-1/2

[Event "Leipzig VfB op 07th"]
[Site "Leipzig"]
[Date "2000.??.??"]
[Round "9"]
[White "Zschiedrich, Heiko"]
[Black "Gempe, Thomas"]
[Result "1/2-1/2"]
[WhiteElo "2161"]
[BlackElo "2230"]
[PlyCount "63"]
[EventDate "2000.03.??"]
[EventType "swiss"]
[EventRounds "9"]
[EventCountry "GER"]
[SourceTitle "EXT 2008"]
[Source "ChessBase"]
[SourceDate "2007.11.25"]
[SourceVersion "1"]
[SourceVersionDate "2007.11.25"]
[SourceQuality "1"]

1. e4 c5 2. Nf3 d6 3. c3 Nf6 4. Be2 Nc6 5. d4 cxd4 6. Nxd4 g6 7. Be3 Bg7 8. f3 0-0 9. 0-0 d5 10. Nxc6 bxc6 11. e5 Nd7 12. f4 e6 13. Nd2 f6 14. exf6 Bxf6 15. Nf3 c5 16. Bb5 Qc7 17. Qd2 Rb8 18. Bxd7 Bxd7 19. Ne5 Bb5 20. Rfe1 Rbd8 21. Rad1 Ba4 22. b3 Bb5 23. b4 d4 24. cxd4 cxd4 25. Bxd4 Ba4 26. Rc1 Qd6 27. Re4 Bxe5 28. fxe5 Qd5 29. Rce1 Rf7 30. Qb2 Bb5 31. Bf2 Bc6 32. Qd4 1/2-1/2

[Event "Leipzig VfB op 07th"]
[Site "Leipzig"]
[Date "2000.??.??"]
[Round "4"]
[White "Zschiedrich, Heiko"]
[Black "Luechtemeier, Peter"]
[Result "1/2-1/2"]
[WhiteElo "2161"]
[BlackElo "2209"]
[PlyCount "92"]
[EventDate "2000.03.??"]
[EventType "swiss"]
[EventRounds "9"]
[EventCountry "GER"]
[SourceTitle "EXT 2008"]
[Source "ChessBase"]
[SourceDate "2007.11.25"]
[SourceVersion "1"]
[SourceVersionDate "2007.11.25"]
[SourceQuality "1"]

1. e4 d5 2. exd5 Qxd5 3. Nc3 Qa5 4. d4 c6 5. Nf3 Bf5 6. Bc4 Nf6 7. Bd2 e6 8. Qe2 Bb4 9. 0-0-0 Nbd7 10. a3 Bxc3 11. Bxc3 Qc7 12. Ne5 Nd5 13. Bd2 Nxe5 14. dxe5 0-0-0 15. g4 Bg6 16. f4 h5 17. h3 Qb6 18. Qf3 Qd4 19. Bxd5 Qxd5 20. Qxd5 cxd5 21. Be3 Be4 22. Rhf1 b6 23. Rf2 hxg4 24. hxg4 Rh3 25. Bd4 Rdh8 26. Rg1 R8h4 27. f5 Kd7 28. fxe6+ Kxe6 29. Rgf1 Rxg4 30. Rxf7 Bg2 31. R1f4 Rhh4 32. Rxg4 Rxg4 33. Rf2 Be4 34. c3 Rg2 35. Rf8 Rc2+ 36. Kd1 Rxb2 37. Re8+ Kf7 38. Rb8 g5 39. Rb7+ Ke6 40. Rxa7 g4 41. Ra6 g3 42. Rxb6+ Rxb6 43. Bxb6 Kxe5 44. Bc7+ Ke6 45. Bxg3 Kd7 46. Kd2 Kc6 1/2-1/2

[Event "Oberliga Ost-A 9900"]
[Site "Germany"]
[Date "1999.12.12"]
[Round "4.3"]
[White "Klawa, Patrick"]
[Black "Zschiedrich, Heiko"]
[Result "1-0"]
[WhiteElo "2194"]
[BlackElo "2170"]
[PlyCount "97"]
[EventDate "1999.10.??"]
[EventType "team"]
[EventRounds "11"]
[EventCountry "GER"]
[SourceTitle "EXT 2002"]
[Source "ChessBase"]
[SourceDate "2001.11.25"]
[SourceVersion "1"]
[SourceVersionDate "2001.11.25"]
[SourceQuality "1"]

1. e4 e6 2. d4 d5 3. Nd2 Nf6 4. e5 Nfd7 5. f4 c5 6. Ndf3 Nc6 7. Ne2 cxd4 8. Nexd4 Bc5 9. c3 Qb6 10. Be2 0-0 11. g3 Nxd4 12. cxd4 Bb4+ 13. Kf2 f6 14. Kg2 Nb8 15. Bd3 Be7 16. Qc2 f5 17. Be3 Bd7 18. Qf2 Bb5 19. Bc2 Nc6 20. Rad1 Qa6 21. a3 Ba4 22. b3 Bb5 23. Rhe1 Qb6 24. Bc1 Rfc8 25. Bb2 Na5 26. Re3 Rc7 27. Ne1 Rac8 28. g4 fxg4 29. h3 Ba4 30. Rdd3 Bb5 31. Rd2 g3 32. Qxg3 Be8 33. Kh2 Rd7 34. f5 Kh8 35. Qg4 Bf7 36. Rg2 Rg8 37. Nf3 exf5 38. Bxf5 Rdd8 39. e6 Be8 40. Ne5 g6 41. Nf7+ Bxf7 42. exf7 Qc7+ 43. Kh1 Rg7 44. Be6 Nc6 45. h4 h5 46. Qf3 Qd6 47. Bxd5 Rf8 48. Qe4 Bxh4 49. Be6 1-0

[Event "Oberliga Ost-A 9900"]
[Site "Germany"]
[Date "1999.11.06"]
[Round "2.3"]
[White "Krupkova, Petra"]
[Black "Zschiedrich, Heiko"]
[Result "0-1"]
[WhiteElo "2334"]
[BlackElo "2170"]
[PlyCount "80"]
[EventDate "1999.10.??"]
[EventType "team"]
[EventRounds "11"]
[EventCountry "GER"]
[SourceTitle "EXT 2002"]
[Source "ChessBase"]
[SourceDate "2001.11.25"]
[SourceVersion "1"]
[SourceVersionDate "2001.11.25"]
[SourceQuality "1"]

1. e4 e6 2. d4 d5 3. Nc3 Nf6 4. e5 Nfd7 5. f4 c5 6. Nf3 Nc6 7. Be3 a6 8. Qd2 b5 9. dxc5 b4 10. Na4 Qa5 11. Nb6 Rb8 12. Nxd7 Bxd7 13. Bd3 Bxc5 14. Bxc5 Qxc5 15. Bxa6 0-0 16. Bd3 f6 17. exf6 Rxf6 18. Rf1 Rbf8 19. Ng5 g6 20. a4 Qd4 21. c3 bxc3 22. bxc3 Qc5 23. Bb5 h6 24. Nh3 Bc8 25. Rf3 e5 26. Qf2 d4 27. Bxc6 Qxc6 28. cxd4 exd4 29. Kf1 Bg4 30. Qa2+ Kg7 31. Rf2 Bxh3 32. gxh3 Qh1+ 33. Ke2 Qe4+ 34. Kd1 Rxf4 35. Qe2 Qh1+ 36. Kd2 Qxa1 37. Qe5+ R4f6 38. Rxf6 Rxf6 39. Qe7+ Rf7 40. Qe5+ Kh7 0-1

[Event "Oberliga Ost-A 9900"]
[Site "Germany"]
[Date "1999.10.10"]
[Round "1.3"]
[White "Zschiedrich, Heiko"]
[Black "Seidens, Udo"]
[Result "1-0"]
[WhiteElo "2170"]
[BlackElo "2215"]
[PlyCount "51"]
[EventDate "1999.10.??"]
[EventType "team"]
[EventRounds "11"]
[EventCountry "GER"]
[SourceTitle "EXT 2002"]
[Source "ChessBase"]
[SourceDate "2001.11.25"]
[SourceVersion "1"]
[SourceVersionDate "2001.11.25"]
[SourceQuality "1"]

1. e4 Nf6 2. Nc3 d5 3. exd5 Nxd5 4. Bc4 Nxc3 5. Qf3 e6 6. dxc3 Bd6 7. Be3 Nd7 8. Qe2 0-0 9. Nf3 b6 10. 0-0-0 Bb7 11. h4 e5 12. Bg5 Qe8 13. Kb1 a6 14. Rhe1 e4 15. Nd4 b5 16. Bb3 Qe5 17. g3 Nc5 18. Bf4 Qf6 19. Bxd6 cxd6 20. Qe3 h6 21. Ne2 Nxb3 22. cxb3 d5 23. Nf4 Rad8 24. Rd4 Rde8 25. Nxd5 a5 26. Nxf6+ 1-0